History of the Indian mutiny, 1857-1858 (Record no. 552991)
[ view plain ]
| 000 -LEADER | |
|---|---|
| fixed length control field | 00901cam a2200157K 4500 |
| 082 ## - DEWEY DECIMAL CLASSIFICATION NUMBER | |
| Classification number | 954.0317 |
| Author Mark | MAL |
| 100 1# - MAIN ENTRY--PERSONAL NAME | |
| Personal name | Malleson, G. B. |
| 245 10 - TITLE STATEMENT | |
| Title | History of the Indian mutiny, 1857-1858 |
| Remainder of title | Commencing from the close of the second volume of Sir John Kaye's History of the Sepoy war, |
| Statement of responsibility, etc. | by Colonel G.B. Malleson. |
| 260 ## - PUBLICATION, DISTRIBUTION, ETC. | |
| Place of publication, distribution, etc. | London, |
| -- | New York [etc.] |
| Name of publisher, distributor, etc. | Longmans, Green, and Co., |
| Date of publication, distribution, etc. | 1880. |
| 300 ## - PHYSICAL DESCRIPTION | |
| Extent | 1 online resource (3 v.) |
| Other physical details | fold. maps, fold. plans. |
| 500 ## - GENERAL NOTE | |
| General note | Afterward issued, together with v. 1-2 of Kaye's History, under title: Kaye's and Malleson's history of the Indian mutiny of 1857-8 ... in six volumes. |
| 500 ## - GENERAL NOTE | |
| General note | On t.p., v. 1 : Contemporaneous with Sir John Kaye's third volume, second edition (1878): v. 2: Third edition (1893) ; v. 3: 1888. |
| 526 ## - STUDY PROGRAM INFORMATION NOTE | |
| Program name | 0 |
| Interest level | 0 |
| Reading level | 0 |
| Title point value | 954_031700000000000_MAL |
| 856 40 - ELECTRONIC LOCATION AND ACCESS | |
| Uniform Resource Identifier | <a href="http://catalog.hathitrust.org/api/volumes/oclc/5907501.html">http://catalog.hathitrust.org/api/volumes/oclc/5907501.html</a> |
| 942 ## - ADDED ENTRY ELEMENTS (KOHA) | |
| Source of classification or shelving scheme | |
| Koha item type | Book |
| Withdrawn status | Lost status | Source of classification or shelving scheme | Damaged status | Not for loan | Permanent Location | Current Location | Shelving location | Date acquired | Total Checkouts | Full call number | Barcode | Date last seen | Price effective from | Koha item type |
|---|---|---|---|---|---|---|---|---|---|---|---|---|---|---|
| Military College of Engineering (MCE) | Military College of Engineering (MCE) | 01/28/2015 | 954.0317 MAL | MCE-ECH/44 | 01/28/2015 | 01/28/2015 | Book |
